02659nam a2200241 a 450000500170000000800410001702000080005804100080006610000210007424500860009525000110018126000550019230000160024750001160026350516320037965300770201165300520208865300330214065300220217365300440219565300380223965301400227720241101104125.0100623s2015||||ag a g |||| 001 0dspa d aS/N aspa1 aPeláez, Victor aCosas de Neuquén.bFechas importantes. Médicos y medicina / cVictor Peláez a1a ed. aNeuquén [Neuquén ; Argentina]: bEDUCO;c2015. a145 p.bil. aPeláez, V. (2013). Cosas de Neuquén. Fechas importantes. Médicos y medicina. (1a ed.). Neuquén : EDUCO. aEstas páginas, a las que he llamado Cosas de Neuquén, son una recopilación de fechas que creo importantes en la historia neuquina, en general y en la historia de la medicina neuquina, en particular. Inicio esta cronología en el año 1833 cuando, aunque ya se estaba gestando la Patagonia, Neuquén no existía ni siquiera como Territorio Nacional. A partir de 1904 -año de la fundación de la capital- me refiero casi exclusivamente a fechas relevantes de la ciudad de Neuquén. Concluyo esta recopilación en la década del '80. Desde sus inicios, en pocos años, Neuquén tuvo un profundo desarrollo, lo cual es un logro de sus propios protagonistas. Desde aquella primera panadería de Don Pedro Linares inaugurada en 1905, mucho más se ha realizado, gracias a la solidaridad y al trabajo organizado de la población. Algunas de las referencias aquí contenidas las leí, otras las escuché y las hay también aquellas de las que fui espectador y aún donde tuve cierto protagonismo. Soy consciente que alguna de estas páginas puede carecer de rigor historiográfico. Hay ciertos pasajes que están más cerca de la leyenda que de la realidad. Pero, tengamos en cuenta que estos relatos formaban parte de las creencias populares, que sin duda, al pasar de boca en boca se iban deformando y, lo más frecuente, exagerando. No por ello pierden su valor histórico. En definitiva, es lo que está incorporado en el imaginario colectivo como un hecho real. Como poseía estos conocimientos, he querido compartirlos y ponerlos a consideración de todos aquellos aficionados a la historia.  aCómo estas tierras llegaron a ser el Territorio Nacional del Neuquén4 aLos Primeros quince años de Neuquén capital a25 años pujantes 1927-1952 aTenemos provincia aCinco recuerdos de los años '60 y '70 aMédicos y medicina en Neuquén aAnexos: Censos nacionales y registros demográficos locales; Gobernadores de Neuquén y Autoridades municipales de Neuquén capital.